| 000 | 01592nam a2200505 i 4500 | ||
|---|---|---|---|
| 001 | 44912 | ||
| 003 | KOSZ 005 | ||
| 005 | 20200930112423.0 | ||
| 008 | 041012s2004 pl f f |001 0 pol | ||
| 015 | _aUWD 2004/18951 | ||
| 020 | _a8373874208 | ||
| 035 | _a991025044589705066 | ||
| 035 | _a(PL-WaBN)b16833703-48omnis_nlop | ||
| 035 | _ab16833703 | ||
| 035 | _a(OCoLC)830628331 | ||
| 035 | _a(PL)b0000001683370 | ||
| 035 | _a(EXLNZ-48OMNIS_NETWORK)9910138657805606 | ||
| 040 |
_aWA N _cWA N _dKOSZ 005/HR |
||
| 041 | 0 | _apol | |
| 080 | _a343(438) | ||
| 080 | _a(075.8) | ||
| 100 | 1 |
_aGardocki, Lech _d(1944- ) _eAutor |
|
| 245 | 1 | 0 |
_aPrawo karne / _cLech Gardocki. |
| 250 | _a10 wyd. zm. | ||
| 260 |
_aWarszawa : _bC. H. Beck, _c2004. |
||
| 300 |
_aXXIII, [3], 337 s. ; _c21 cm. |
||
| 336 |
_aTekst _btxt _2rdacontent |
||
| 337 |
_aBez urządzenia pośredniczącego _bn _2rdamedia |
||
| 338 |
_aWolumin _bnc _2rdacarrier |
||
| 380 | _aKsiążki | ||
| 380 | _aPublikacje dydaktyczne | ||
| 385 |
_mPoziom nauczania _aSzkoły wyższe |
||
| 388 | _a2001- | ||
| 490 | 1 | _aPodręczniki Prawnicze | |
| 504 | _aBibliogr. s. [XXV]. Indeks. | ||
| 650 | 7 |
_aPrawo karne _2DBN |
|
| 651 | 7 | _aPolska | |
| 655 | 7 |
_aPodręczniki akademickie _2DBN |
|
| 658 | _aPrawo i wymiar sprawiedliwości | ||
| 710 | 2 |
_aWydawnictwo C.H. Beck _4pbl |
|
| 830 | 0 | _aPodręczniki Prawnicze | |
| 856 |
_uhttp://koha.tu.koszalin.pl/cgi-bin/koha/opac-detail.pl?biblionumber=44912 _yKatalog online BPK |
||
| 942 |
_2UKD _cKS |
||
| 999 |
_c44912 _d44912 |
||